قناديل البحر / (Record no. 12730)
[ view plain ]
| 000 -الفاتح | |
|---|---|
| حقل البيانات ثابتة الطول | 01055cam a22002895a 4500 |
| 003 - محدد رقم الضبط | |
| رقم الضبط | EG-ScBUE |
| 005 - وقت وتاريخ اخر تعامل مع التسجيلة | |
| رقم الضبط | 20210214142138.0 |
| 008 - عناصر البيانات ثابتة الطول - معلومات عامة | |
| حقل البيانات ثابتة الطول | 090831s1998 ua f 000 f ara d |
| 017 ## - رقم الإيداع القانونى | |
| رقم الإيداع القانونى | 1998/9604 |
| 020 ## - الرقم الدولى المعيارى للكتب | |
| الرقم الدولى المعيارى للكتاب | 9770158259 |
| 040 ## - مصدر الفهرسة | |
| وكالة الفهرسة الأصلية | EG-ScBUE |
| لغة الفهرسة | ara |
| قواعد الوصف | rda |
| وكالة النسخ | EG-ScBUE |
| وكالة التعديل | EG-ScBUE |
| 082 04 - رقم تصنيف ديوى العشرى | |
| رقم التصنيف | 892.736 |
| رقم المادة | م ج ي |
| رقم الطبعة | 22 |
| 100 1# - المدخل الرئيسى - إسم شخصى | |
| الإسم الشخصى | عبد المجيد، إبراهيم، |
| التواريخ المصاحبة للاسم | 1946- |
| الدور | مؤلف. |
| 9 (RLIN) | 27068 |
| 245 10 - بيان العنوان | |
| العنوان | قناديل البحر / |
| بيان المسئوليه,etc | إبراهيم عبد المجيد. |
| 264 #1 - النشر، التوزيع | |
| مكان الناشر او الموزع | القاهرة : |
| اسم الناشر او الموزع | الهيئة المصرية العامة للكتاب، |
| تاريخ النشر أو التوزيع | 1998. |
| 300 ## - الوصف المادى | |
| التعداد | 106 صفحة ؛ |
| أبعاد الوعاء | 22 سم. |
| 336 ## - نوع المحتوى | |
| source | rdacontent |
| Carrier Type Term | نص |
| Content Type Code | txt |
| 337 ## - نوع الوسيط | |
| source | rdamedia |
| Media Type Term | بدون وسيط |
| Media Type Code | n |
| 338 ## - نوع الحامل أو الناقل | |
| source | rdacarrier |
| Carrier Type Term | مجلد |
| Carrier Type Code | nc |
| 490 0# - بيان السلسلة | |
| عنوان السلسلة | مكتبة الأسرة. |
| -- | الأعمال الإبداعية |
| 590 ## - تبصرة محلية(RLIN) | |
| تبصرة محلية | mustafa galal. doaa mohamed |
| 650 #7 - المدخل الاضافى بالموضوع-مصطلح موضوعى | |
| مصطلح موضوعي أو اسم جغرافي كعنصر مدخل | القصص العربية |
| التقسيم الفرعي الجغرافي | مصر |
| التقسيم الفرعي الزمني | قرن 20. |
| مصدر الرأس أو المصطلح | BUEsh |
| 651 ## - المدخل الاضافى بالموضوع - اسم جغرافى | |
| مصدر الرأس أو المصطلح | BUEsh |
| 653 ## - مصطلح تكشيفى غير مقيد | |
| Resource For college | Arabic Literature |
| Arrived date list | August2015 |
| 655 ## - مصطلح تكشيفى-نوع/شكل | |
| التقسيم الفرعي الشكلي | Reading book |
| -- | 34232 |
| 942 ## - عناصر المدخل الإضافي( كوها) | |
| مصدر التصنيف او مخطط الترفيف | Dewey Decimal Classification |
| Koha [default] item type | Book - Borrowing |
| سابقة رقم الطلب | 892.736 ا ل م |
| حالة التراجع | حالة الفقد | مصدر التصنيف او خطة الترفيف | حالة تلف | ليس للاعارة | مجموعات كوها | المكان الدائم | المكان الحالي | موقع الترفيف | تاريخ الاكتساب | رقم الاستدعاء | الباركود | Date last seen | مُعار | نوع الوعاء | Date last checked out | Source of acquisition |
|---|---|---|---|---|---|---|---|---|---|---|---|---|---|---|---|---|
| Dewey Decimal Classification | Alef-Baa | Central Library | Central Library | Second Floor | 31/08/2009 | 892.736 م ج ي | 000018171 | 15/07/2025 | 04/02/2010 | Book - Borrowing | ||||||
| Dewey Decimal Classification | Alef-Baa | Central Library | Central Library | Second Floor | 31/08/2009 | 892.736 م ج ي | 000018172 | 18/03/2020 | 18/03/2020 | Book - Borrowing | 03/10/2020 | |||||
| Dewey Decimal Classification | Baccah | Central Library | Central Library | Second Floor | 24/06/2010 | 892.736 م ج ي | 000020767 | 15/07/2025 | Book - Borrowing | |||||||
| Dewey Decimal Classification | Baccah | Central Library | Central Library | Second Floor | 24/06/2010 | 892.736 م ج ي | 000020768 | 15/07/2025 | Book - Borrowing | Purchase |